000 00586nam a22002177a 4500
003 UA-OsUOA
001 41629
007 ta
008 20061005b un ||||| |||| 00| 0 ukr d
100 _aНестеренко П.
090 _a82
_bН56
942 _cSA
040 _aUA-OsUOA
_bukr
_cUA-OsUOA
_dUA-OsUOA
245 _aОвіяний романтикою героїзму/Про Івана Багряного
300 _aС.12
955 _a0
041 _aukr
080 _a82
773 0 _w41628
650 7 _a82 Література. Літературознавство
_2UDC
999 _c327770
_d327770